000 00658nam a22002417a 4500
003 OSt
005 20140310181947.0
008 121121t xxu||||| |||| 00| 0 eng d
020 _a0590939688
050 _aPZ 7
_b.St859l11 1997
082 _aKF
_bSt5gp #11
100 _aStine, R.L.
_93762
245 _aLet's Get Invisible /
_cR.L. Stine.
260 _aNew York
_bScholastic
_c1996.
300 _g20 cm.
_a58 p. ;
541 _j1
562 _e1
650 _aGhosts
_xFiction
_94011
650 _aHorror stories
_93825
650 _aStine, R. L. Goosebumps presents ; TV book #11
_94012
700 _aStine, R.L.
_93762
942 _2lcc
_cBK-KF
_kKF
999 _c7790
_d7790